[Event "Sachsen 1-Rheinland-Pfalz"]
[Site "Dresden"]
[Date "2008.11.18"]
[Round "7.7"]
[White "Stahnecker, Ludwig"]
[Black "Rührmund, Daniel"]
[Result "1/2-1/2"]
[WhiteElo "1783"]
[BlackElo "1745"]
[PlyCount "57"]
[EventDate "2008.??.??"]

1. e4 c5 2. Nf3 e6 3. d4 cxd4 4. Nxd4 a6 5. Bd3 Bc5 6. Nb3 Ba7 7. O-O Nc6 8.
Nc3 Nf6 9. Kh1 d6 10. f4 O-O 11. Qe1 e5 12. f5 Nd4 13. Qg3 Kh8 14. Bg5 b5 15.
Nd5 Bb7 16. Bxf6 gxf6 17. Ne3 Rg8 18. Qh3 Qf8 19. Ng4 Qe7 20. Qh4 Rg5 21. h3 d5
22. Qh6 Rxg4 23. hxg4 dxe4 24. Nxd4 exd4 25. Rae1 Rg8 26. Bxe4 Bxe4 27. Rxe4
Qxe4 28. Qxf6+ Rg7 29. Qd8+ 1/2-1/2

[Event "Berlin-Mecklenburg-Vorpommern"]
[Site "Dresden"]
[Date "2008.11.18"]
[Round "7.1"]
[White "Kesten, Sebastian"]
[Black "Figura, Atila Gajo"]
[Result "1/2-1/2"]
[WhiteElo "2137"]
[BlackElo "2341"]
[PlyCount "71"]
[EventDate "2008.??.??"]

1. d4 d5 2. c4 c6 3. cxd5 cxd5 4. Nc3 Nf6 5. Bf4 a6 6. e3 Nc6 7. Rc1 Qb6 8. Qc2
Bg4 9. a3 e6 10. Bd3 Be7 11. Nge2 Bh5 12. O-O Nd7 13. Na4 Qd8 14. Qb3 Ra7 15.
Qc3 g5 16. Bg3 Bxe2 17. Bxe2 h5 18. h3 Nf6 19. Nc5 Bxc5 20. dxc5 Rg8 21. f3 Ra8
22. b4 g4 23. Bh4 d4 24. Qe1 gxh3 25. g3 d3 26. Rd1 Ne5 27. f4 Qd5 28. Rf2 Qe4
29. Bxf6 dxe2 30. Qxe2 Ng4 31. Bh4 f6 32. Rd4 Qc6 33. Rd6 Qe4 34. Rd4 Qc6 35.
Rd6 Qe4 36. Rd4 1/2-1/2

[Event "Berlin-Mecklenburg-Vorpommern"]
[Site "Dresden"]
[Date "2008.11.18"]
[Round "7.3"]
[White "Stemmler, Lysan"]
[Black "Kachibadze, Georg"]
[Result "0-1"]
[WhiteElo "1740"]
[BlackElo "2079"]
[PlyCount "98"]
[EventDate "2008.??.??"]

1. e4 c5 2. c3 Nf6 3. e5 Nd5 4. d4 cxd4 5. Nf3 Nc6 6. cxd4 d6 7. Bc4 e6 8. O-O
Be7 9. Qe2 O-O 10. a3 Qb6 11. Qe4 Na5 12. Bd3 f5 13. exf6 Nxf6 14. Qe3 Nb3 15.
Ra2 d5 16. h3 Bd7 17. Nbd2 Kh8 18. Bc2 Nxc1 19. Rxc1 Bd6 20. b4 Rac8 21. Nb3
Ne4 22. Nc5 Bf4 23. Qe1 Nxc5 24. bxc5 Qd8 25. Rb1 b6 26. cxb6 axb6 27. Bd3 Bd6
28. Qd1 Rc3 29. Rab2 Bc7 30. a4 Bxa4 31. Qxa4 Rxd3 32. Qc6 Qe7 33. Re2 Rdxf3
34. gxf3 Qg5+ 35. Kf1 Qf5 36. Rbb2 Qxh3+ 37. Ke1 Qh1+ 38. Kd2 Bf4+ 39. Kc3
Qxf3+ 40. Kb4 Qd3 41. Qc3 Bd6+ 42. Kb3 Qb5+ 43. Ka2 Qa4+ 44. Kb1 Qd1+ 45. Qc1
Qxd4 46. Ra2 Be5 47. Ra3 h6 48. Qc2 b5 49. Rae3 Qa1# 0-1

[Event "Berlin-Mecklenburg-Vorpommern"]
[Site "Dresden"]
[Date "2008.11.18"]
[Round "7.4"]
[White "Kropman, Alexei"]
[Black "Hingst, Silke"]
[Result "1-0"]
[WhiteElo "1895"]
[BlackElo "1820"]
[PlyCount "83"]
[EventDate "2008.??.??"]

1. e4 e5 2. Nf3 Nc6 3. Bc4 Nf6 4. d3 d6 5. c3 Bg4 6. h3 Bh5 7. O-O Be7 8. Re1
Na5 9. Bb5+ c6 10. Ba4 b5 11. Bc2 c5 12. Nbd2 O-O 13. Nf1 h6 14. Ng3 Bg6 15.
Nh4 Nh7 16. Nxg6 fxg6 17. Qg4 Qe8 18. f4 Nf6 19. Qe6+ Qf7 20. Qxf7+ Kxf7 21. d4
Nd7 22. fxe5 dxe5 23. dxe5 Nxe5 24. Bf4 Nac6 25. Rad1 Rad8 26. Rd5 Ke6 27. Bxe5
Nxe5 28. Red1 Rd6 29. Ne2 g5 30. b4 Rxd5 31. exd5+ Kd7 32. d6 Bf6 33. bxc5 Nc6
34. Bf5+ Kd8 35. Be4 Kd7 36. Nd4 Nxd4 37. cxd4 Re8 38. Bf3 Re3 39. d5 Rc3 40.
Bg4+ Kd8 41. c6 h5 42. c7+ 1-0

[Event "Berlin-Mecklenburg-Vorpommern"]
[Site "Dresden"]
[Date "2008.11.18"]
[Round "7.5"]
[White "Wolf, Christoph"]
[Black "Moritz, Aron"]
[Result "1/2-1/2"]
[WhiteElo "1790"]
[BlackElo "1764"]
[PlyCount "61"]
[EventDate "2008.??.??"]
[WhiteTeam "Mecklenburg-Vorpommern"]
[BlackTeam "Berlin"]

1. e4 c5 2. Nf3 d6 3. d4 cxd4 4. Nxd4 Nf6 5. Nc3 Bd7 6. Be3 Ng4 7. Qd2 Nxe3 8.
Qxe3 Nc6 9. Nb3 g6 10. Be2 Bg7 11. O-O O-O 12. Rad1 Ne5 13. h3 Bc6 14. f4 Nd7
15. Bd3 a6 16. Kh1 b5 17. a3 Rb8 18. Rb1 Ba8 19. Rfd1 Qc7 20. Nd5 Bxd5 21. exd5
Nb6 22. Qf3 e6 23. dxe6 fxe6 24. Qe2 Rbe8 25. Rf1 Nd5 26. Qd2 Bh6 27. g3 Ne7
28. Qg2 Qb6 29. Rbe1 Nf5 30. Bxf5 gxf5 31. Qf3 1/2-1/2

[Event "Berlin-Mecklenburg-Vorpommern"]
[Site "Dresden"]
[Date "2008.11.18"]
[Round "7.6"]
[White "Nekrasova, Kateryna"]
[Black "Schreiber, Kevin"]
[Result "1/2-1/2"]
[WhiteElo "1721"]
[BlackElo "1587"]
[PlyCount "61"]
[EventDate "2008.??.??"]
[WhiteTeam "Berlin"]
[BlackTeam "Mecklenburg-Vorpommern"]

1. e4 c5 2. Nf3 e6 3. d4 cxd4 4. Nxd4 Nc6 5. Nc3 Qc7 6. a3 a6 7. Be3 Nf6 8. Be2
Be7 9. O-O O-O 10. f4 Bc5 11. Qd2 b5 12. e5 Ne8 13. Kh1 Qb6 14. Rad1 Bb7 15.
Bf3 Rd8 16. Ne4 Bxd4 17. Bxd4 Nxd4 18. Qxd4 Qxd4 19. Rxd4 Bxe4 20. Bxe4 d5 21.
exd6 Nxd6 22. Rfd1 Nxe4 23. Rxd8 Nf2+ 24. Kg1 Nxd1 25. Rxd1 Rc8 26. c3 h5 27.
Rd4 Rc6 28. Kf2 g6 29. Ke3 Kg7 30. Ke4 Kf6 31. g3 1/2-1/2

[Event "Berlin-Mecklenburg-Vorpommern"]
[Site "Dresden"]
[Date "2008.11.18"]
[Round "7.7"]
[White "Schöbel, Ulrike"]
[Black "Kostré, Margarita"]
[Result "0-1"]
[WhiteElo "1512"]
[BlackElo "1631"]
[PlyCount "82"]
[EventDate "2008.??.??"]

1. d4 Nf6 2. Nf3 g6 3. Nbd2 Bg7 4. e4 d6 5. Bc4 O-O 6. Qe2 Qe8 7. e5 Nh5 8. O-O
Nc6 9. c3 Bg4 10. h3 Bxf3 11. Nxf3 dxe5 12. dxe5 Bh8 13. Bh6 Ng7 14. Ng5 Nxe5
15. Qxe5 Nf5 16. Qf4 e5 17. Qf3 Nxh6 18. Qxb7 Qe7 19. Nf3 Rfb8 20. Qc6 Nf5 21.
Rfe1 Re8 22. Re2 Rab8 23. Rae1 Qd6 24. Qd5 Qxd5 25. Bxd5 Kf8 26. a4 f6 27. Nd2
Rxb2 28. Ne4 Rxe2 29. Rxe2 Nd6 30. Nc5 Ke7 31. f3 Nc8 32. a5 Kd6 33. Bf7 Re7
34. Ne4+ Kc6 35. Bc4 Nd6 36. Bb3 Kb5 37. Ra2 Nxe4 38. fxe4 f5 39. exf5 gxf5 40.
Bc2 e4 41. Ra1 Bxc3 0-1

[Event "Thüringen-Saarland"]
[Site "Dresden"]
[Date "2008.11.18"]
[Round "7.1"]
[White "Müller, Reinhold"]
[Black "Hannes, Diana"]
[Result "1-0"]
[WhiteElo "2226"]
[BlackElo "2008"]
[PlyCount "35"]
[EventDate "2008.??.??"]
[WhiteTeam "Saarland"]
[BlackTeam "Thüringen"]

1. d4 Nf6 2. Bg5 d5 3. Nf3 Nbd7 4. e3 e6 5. c4 Be7 6. Nc3 O-O 7. Bd3 dxc4 8.
Bxc4 c5 9. O-O cxd4 10. Nxd4 Ne5 11. Bb3 Bd7 12. Qe2 Nc6 13. Nf3 Nd5 14. Bxd5
Bxg5 15. Be4 Bf6 16. Rad1 g6 17. Bxc6 bxc6 18. Ne4 1-0

[Event "Thüringen-Saarland"]
[Site "Dresden"]
[Date "2008.11.18"]
[Round "7.2"]
[White "Wolf, Isaak"]
[Black "Müller, Pascal"]
[Result "1-0"]
[WhiteElo "1856"]
[BlackElo "1894"]
[PlyCount "69"]
[EventDate "2008.??.??"]

1. e4 e5 2. Nc3 Nf6 3. f4 d5 4. fxe5 Nxe4 5. d3 Qh4+ 6. g3 Nxc3 7. bxc3 Qa4 8.
Bg2 Bg4 9. Ne2 c6 10. O-O Bc5+ 11. d4 Qa6 12. Bf3 Bxf3 13. Rxf3 Be7 14. Qf1 O-O
15. Qg2 Nd7 16. Nf4 Nb6 17. Qh3 Rfe8 18. Nh5 g6 19. Nf6+ Bxf6 20. Rxf6 Qe2 21.
Bf4 Re7 22. Bg5 Rae8 23. Rf2 Qc4 24. Bf6 h5 25. g4 Nd7 26. Bxe7 Rxe7 27. gxh5
Nf8 28. hxg6 Nxg6 29. Qg3 c5 30. h4 cxd4 31. h5 Re6 32. Rf6 Rxf6 33. exf6 Qc5
34. hxg6 d3+ 35. Kg2 1-0

[Event "Thüringen-Saarland"]
[Site "Dresden"]
[Date "2008.11.18"]
[Round "7.3"]
[White "Müller, Denis"]
[Black "Steinacker, Alex"]
[Result "0-1"]
[WhiteElo "1935"]
[BlackElo "1771"]
[PlyCount "46"]
[EventDate "2008.??.??"]

1. e4 c5 2. Nf3 Nc6 3. d4 cxd4 4. Nxd4 g6 5. c4 Bg7 6. Be3 Nf6 7. Nc3 Ng4 8.
Qxg4 Nxd4 9. Qd1 Ne6 10. Be2 Bxc3+ 11. bxc3 Qa5 12. Qd2 b6 13. O-O Bb7 14. f3
Rc8 15. Rfd1 d6 16. c5 Nxc5 17. Bh6 Ne6 18. Rac1 Qh5 19. g4 Qe5 20. Kh1 g5 21.
h4 Nf4 22. Bf1 f6 23. Rb1 Rg8 0-1

[Event "Thüringen-Saarland"]
[Site "Dresden"]
[Date "2008.11.18"]
[Round "7.4"]
[White "Tischer, Jana"]
[Black "Sonnhalter, Stella"]
[Result "1-0"]
[WhiteElo "1709"]
[BlackElo "1607"]
[PlyCount "109"]
[EventDate "2008.??.??"]
[WhiteTeam "Thüringen"]
[BlackTeam "Saarland"]

1. e4 c5 2. Nc3 Nc6 3. f4 g6 4. Nf3 Bg7 5. Bc4 e6 6. O-O Nge7 7. Qe1 O-O 8. d3
d5 9. Bb3 Nd4 10. Nxd4 Bxd4+ 11. Kh1 Bg7 12. Qf2 b6 13. Bd2 Bb7 14. Rae1 Rc8
15. a3 a6 16. Re2 b5 17. Qh4 c4 18. dxc4 bxc4 19. Ba2 dxe4 20. Bc1 Bxc3 21.
bxc3 Nf5 22. Qh3 Qh4 23. Qxh4 Nxh4 24. Be3 Nf5 25. Bf2 Bd5 26. Kg1 Nd6 27. a4
Rb8 28. Bc5 Rfd8 29. Ba3 Nb7 30. g4 f5 31. g5 Rdc8 32. Rb1 Ra8 33. Ree1 Nc5 34.
a5 Kf7 35. Red1 Nb7 36. Bb4 Re8 37. Kf2 Rad8 38. Ke3 e5 39. fxe5 Rxe5 40. Rd4
Be6 41. Kf4 Rb5 42. Rbd1 Rc8 43. h4 Nxa5 44. Rd8 Rxd8 45. Rxd8 Nc6 46. Rf8+ Kg7
47. Rf6 Nxb4 48. cxb4 Bf7 49. c3 a5 50. Rxf7+ Kxf7 51. Bxc4+ Ke7 52. Bxb5 axb4
53. cxb4 Kd6 54. Bc4 Kc6 55. Bg8 1-0

[Event "Thüringen-Saarland"]
[Site "Dresden"]
[Date "2008.11.18"]
[Round "7.5"]
[White "Schirra, Felix"]
[Black "Pältz, Sebastian"]
[Result "0-1"]
[WhiteElo "1516"]
[BlackElo "1676"]
[PlyCount "95"]
[EventDate "2008.??.??"]
[WhiteTeam "Saarland"]
[BlackTeam "Thüringen"]

1. e4 e5 2. Nf3 Nc6 3. d4 exd4 4. Nxd4 Bc5 5. Nxc6 Qf6 6. Qe2 dxc6 7. Nc3 Be6
8. Be3 Ba3 9. Bc1 Qe5 10. g3 Qc5 11. Qf3 Bb4 12. a3 Bxc3+ 13. Qxc3 Qxc3+ 14.
bxc3 Nf6 15. Bg2 O-O-O 16. O-O Rhe8 17. Bg5 h6 18. Bxf6 gxf6 19. Rad1 Bc4 20.
Rfe1 Bb5 21. Bh3+ Kb8 22. Bf1 Ba4 23. Bd3 b5 24. f4 c5 25. Rb1 a6 26. Rb2 Ka7
27. c4 c6 28. Re2 Rd4 29. cxb5 cxb5 30. Re3 c4 31. c3 Rxd3 32. Rxd3 cxd3 33.
Rb4 d2 34. Rd4 d1=Q+ 35. Rxd1 Bxd1 36. Kf2 Rxe4 37. h4 Rc4 38. Ke1 Bg4 39. Kd2
Ra4 40. Kd3 Rxa3 41. Kd4 a5 42. c4 b4 43. c5 b3 44. Kc3 a4 45. h5 Ra2 46. c6 b2
47. c7 b1=Q 48. c8=Q 0-1

[Event "Thüringen-Saarland"]
[Site "Dresden"]
[Date "2008.11.18"]
[Round "7.6"]
[White "Urban, Lars"]
[Black "Brühan, Caren"]
[Result "1-0"]
[WhiteElo "1666"]
[BlackElo "1226"]
[PlyCount "91"]
[EventDate "2008.??.??"]
[WhiteTeam "Thüringen"]
[BlackTeam "Saarland"]

1. d4 d5 2. c4 e6 3. Nc3 Nf6 4. Bg5 Be7 5. Nf3 Nc6 6. e3 O-O 7. cxd5 Nxd5 8.
Bxe7 Qxe7 9. a3 Bd7 10. Nxd5 exd5 11. h3 Rfe8 12. Bd3 a6 13. O-O Rac8 14. b4 b5
15. Qc2 h6 16. Nd2 Nd8 17. Nb3 Ne6 18. Rfc1 Red8 19. Qb2 Qg5 20. Kh1 Ra8 21.
Rc3 Ra7 22. Rac1 Rc8 23. Qc2 Rb7 24. Bf5 Qe7 25. Bxe6 Bxe6 26. Na5 Rb6 27. Rxc7
Rxc7 28. Qxc7 Qxc7 29. Rxc7 Kh7 30. Rc6 Rxc6 31. Nxc6 Kg6 32. Na5 Kf5 33. Nb3
Ke4 34. Nc5+ Kf5 35. Nxa6 Bd7 36. Kh2 g5 37. g4+ Ke6 38. Nc5+ Ke7 39. Nxd7 Kxd7
40. Kg3 Ke6 41. f4 f5 42. h4 gxf4+ 43. exf4 Kf6 44. g5+ hxg5 45. fxg5+ Kg6 46.
Kf4 1-0

[Event "Sachsen 2-Hamburg"]
[Site "Dresden"]
[Date "2008.11.18"]
[Round "7.1"]
[White "Müller, Jan-Hendrik"]
[Black "Schäfer, Erik"]
[Result "1/2-1/2"]
[WhiteElo "2098"]
[BlackElo "2086"]
[PlyCount "27"]
[EventDate "2008.??.??"]
[WhiteTeam "Hamburg"]
[BlackTeam "Sachsen 2"]

1. e4 c5 2. Nf3 e6 3. d4 cxd4 4. Nxd4 Nc6 5. Nc3 Qc7 6. Be3 a6 7. Bd3 Nf6 8.
O-O Bd6 9. h3 h5 10. Be2 Bh2+ 11. Kh1 Bf4 12. Bxf4 Qxf4 13. f3 h4 14. Re1
1/2-1/2

[Event "Sachsen 2-Hamburg"]
[Site "Dresden"]
[Date "2008.11.18"]
[Round "7.2"]
[White "Zimmermann, René"]
[Black "Borgmeyer, Max"]
[Result "1/2-1/2"]
[WhiteElo "1980"]
[BlackElo "2067"]
[PlyCount "31"]
[EventDate "2008.??.??"]
[WhiteTeam "Sachsen 2"]
[BlackTeam "Hamburg"]

1. d4 d5 2. c4 e6 3. Nc3 Nf6 4. Bg5 Nbd7 5. e3 c6 6. Nf3 Qa5 7. Nd2 Bb4 8. Qc2
Ne4 9. Ndxe4 dxe4 10. Bf4 Bxc3+ 11. Qxc3 Qxc3+ 12. bxc3 O-O 13. Bd6 Re8 14. Be2
b6 15. O-O Ba6 16. Rfb1 1/2-1/2

[Event "Sachsen 2-Hamburg"]
[Site "Dresden"]
[Date "2008.11.18"]
[Round "7.3"]
[White "Lampert, Jonas"]
[Black "Kosovska, Olena"]
[Result "1-0"]
[WhiteElo "1969"]
[BlackElo "1772"]
[PlyCount "43"]
[EventDate "2008.??.??"]
[WhiteTeam "Hamburg"]
[BlackTeam "Sachsen 2"]

1. e4 c5 2. Nf3 Nc6 3. Nc3 e6 4. d4 cxd4 5. Nxd4 d5 6. exd5 exd5 7. Bb5 Nge7 8.
O-O a6 9. Ba4 b5 10. Bb3 Nxd4 11. Qxd4 Be6 12. Re1 Nf5 13. Qxd5 Qxd5 14. Bxd5
Rd8 15. Bf4 Nd4 16. Re4 Nxc2 17. Bc6+ Ke7 18. Rc1 Nd4 19. Nd5+ Rxd5 20. Bxd5
Nf5 21. Bxe6 fxe6 22. Rc6 1-0

[Event "Sachsen 2-Hamburg"]
[Site "Dresden"]
[Date "2008.11.18"]
[Round "7.4"]
[White "Stark, Saskia"]
[Black "Müller, Tobias"]
[Result "1-0"]
[WhiteElo "1775"]
[BlackElo "1819"]
[PlyCount "81"]
[EventDate "2008.??.??"]

1. e4 c5 2. Nc3 Nc6 3. Bb5 e6 4. Bxc6 bxc6 5. Nge2 Nf6 6. d3 Be7 7. O-O O-O 8.
h3 Ba6 9. b3 d5 10. Ng3 h6 11. Kh1 Nd7 12. Rb1 Bf6 13. Na4 Bh4 14. c4 f5 15.
exf5 exf5 16. Ne2 Qe7 17. Nf4 Qd6 18. Qh5 g5 19. Ng6 Rf6 20. Nxh4 gxh4 21. Qxh4
f4 22. Bb2 d4 23. Ba3 Rg6 24. Rbe1 Rg7 25. Qh5 Rg5 26. Qf3 Rf8 27. h4 Rg6 28.
Qh5 f3 29. g3 Kh7 30. Bxc5 Nxc5 31. Qxc5 Qb8 32. Qe5 Qc8 33. Kh2 Rfg8 34. Re4
Bb7 35. Nc5 R8g7 36. Nxb7 Qxb7 37. Qxd4 Qa6 38. a4 Qb7 39. Re8 Qf7 40. Qe4 Qf6
41. h5 1-0

1. h5 1-0

[Event "Sachsen 2-Hamburg"]
[Site "Dresden"]
[Date "2008.11.18"]
[Round "7.6"]
[White "Grunwald, Martin"]
[Black "Herbold, Nora Marina"]
[Result "1-0"]
[WhiteElo "1581"]
[BlackElo "1673"]
[PlyCount "147"]
[EventDate "2008.??.??"]

1. e4 c5 2. Nf3 e6 3. d4 cxd4 4. Nxd4 a6 5. Nc3 Qc7 6. Bd3 Be7 7. O-O Nf6 8.
Kh1 d6 9. Be3 Nbd7 10. f3 O-O 11. Qd2 b6 12. Qf2 Bb7 13. Nb3 Nc5 14. Rfd1 Nfd7
15. Bd4 Bf6 16. Bxf6 Nxf6 17. Qg3 Nxd3 18. Rxd3 Rfd8 19. Rad1 Ne8 20. Qf2 Nf6
21. Qg3 Ne8 22. R3d2 Rac8 23. Ne2 d5 24. Qxc7 Rxc7 25. e5 f6 26. Nbd4 Kf7 27.
f4 Rc5 28. c3 Nc7 29. Kg1 Nb5 30. Kf2 Nxd4 31. Nxd4 Ke7 32. Ke3 fxe5 33. fxe5
Rf8 34. Rf2 Rxf2 35. Kxf2 Rc8 36. Rd3 Rf8+ 37. Rf3 Rf7 38. Rxf7+ Kxf7 39. Ke3
Ke7 40. Kf4 Kf7 41. b4 Bc8 42. g4 Bd7 43. h4 Ke7 44. h5 Kf8 45. Kg5 Kf7 46. h6
Kf8 47. a3 Kf7 48. Ne2 gxh6+ 49. Kxh6 Kg8 50. g5 Be8 51. Nf4 Bf7 52. a4 b5 53.
a5 Be8 54. Ne2 Bg6 55. Nd4 Kf7 56. Nc6 Bf5 57. Nb8 Ke7 58. Nxa6 Kd8 59. Nc5 Kc7
60. a6 Kb6 61. Kg7 Ka7 62. Kf6 Kb6 63. Nxe6 Bxe6 64. Kxe6 Kxa6 65. Kxd5 Kb6 66.
Kd6 Kb7 67. Kd7 Kb6 68. e6 Kb7 69. e7 Kb6 70. e8=Q h5 71. Qe6+ Ka7 72. Kc7 h4
73. Qb6+ Ka8 74. Qb8# 1-0

[Event "Sachsen 2-Hamburg"]
[Site "Dresden"]
[Date "2008.11.18"]
[Round "7.7"]
[White "Weber, Marina"]
[Black "Viereck, Marten"]
[Result "0-1"]
[WhiteElo "1392"]
[BlackElo "1353"]
[PlyCount "142"]
[EventDate "2008.??.??"]

1. e4 c5 2. Nf3 e6 3. d4 cxd4 4. Nxd4 Nc6 5. Be3 Nf6 6. Bd3 Be7 7. Nc3 O-O 8.
f3 d5 9. Qd2 e5 10. Nxc6 bxc6 11. Ne2 Nd7 12. O-O d4 13. Bf2 c5 14. f4 Qc7 15.
c3 c4 16. Bb1 d3 17. Nc1 exf4 18. Bd4 Bd6 19. b3 Ne5 20. Bxe5 Bxe5 21. bxc4
Qxc4 22. Qxd3 Qxc3 23. Nb3 Qxd3 24. Bxd3 Bxa1 25. Rxa1 f5 26. exf5 Bxf5 27.
Bc4+ Kh8 28. Rf1 Be4 29. Nd2 Bc6 30. Bb3 Rad8 31. Nc4 Bb5 32. Re1 Bxc4 33. Bxc4
f3 34. gxf3 Rxf3 35. Bd5 Ra3 36. Re7 g6 37. Bb3 Rb8 38. Re3 a5 39. Re1 Raxb3
40. axb3 Rxb3 41. Ra1 Rb5 42. Ra3 Rf5 43. Kg2 Kg7 44. Kg3 h6 45. Ra4 h5 46. h3
g5 47. Rc4 h4+ 48. Kg2 Kf6 49. Rc6+ Ke5 50. Rc5+ Ke4 51. Rc8 Kd4 52. Rd8+ Kc4
53. Rc8+ Kb4 54. Rb8+ Ka3 55. Re8 a4 56. Rb8 Rf4 57. Rb5 g4 58. hxg4 Rxg4+ 59.
Kh3 Rb4 60. Rf5 Ka2 61. Rf2+ Rb2 62. Rf4 a3 63. Rf1 Rb1 64. Rf2+ Ka1 65. Kxh4
a2 66. Kg3 Rb3+ 67. Kf4 Kb1 68. Rf1+ Kb2 69. Rf2+ Ka3 70. Rf1 Rb1 71. Rf3+ Kb4
0-1

[Event "Sachsen 2-Hamburg"]
[Site "Dresden"]
[Date "2008.11.18"]
[Round "7.8"]
[White "Winkelmann, Elise"]
[Black "Lemke, Berfín"]
[Result "1/2-1/2"]
[WhiteElo "944"]
[BlackElo "1095"]
[PlyCount "69"]
[EventDate "2008.??.??"]
[WhiteTeam "Sachsen 2"]
[BlackTeam "Hamburg"]

1. d4 d5 2. Nf3 Nf6 3. Bf4 e6 4. e3 Bd6 5. Bxd6 Qxd6 6. Bd3 Nbd7 7. O-O c6 8.
c4 O-O 9. c5 Qc7 10. Nc3 e5 11. e4 exd4 12. Nxd4 Nxc5 13. exd5 Nxd3 14. Qxd3
cxd5 15. Ndb5 Qd7 16. Rad1 a6 17. Na3 Rd8 18. Rfe1 b5 19. b4 Bb7 20. Qd4 Rac8
21. Re5 Qc6 22. Rd3 Kf8 23. f3 Rd6 24. Nc2 Qc4 25. Qxc4 bxc4 26. Rd4 Re8 27.
Rxe8+ Kxe8 28. a4 Ke7 29. Ne3 Ke6 30. b5 a5 31. Kf2 g6 32. g4 Ke5 33. Nc2 Ke6
34. Ne3 h6 35. h4 1/2-1/2

[Event "Hessen 2-Schleswig-Holstein"]
[Site "Dresden"]
[Date "2008.11.18"]
[Round "7.1"]
[White "Kölsch, Maximilian"]
[Black "Fink, Leander"]
[Result "1/2-1/2"]
[WhiteElo "2129"]
[BlackElo "2069"]
[PlyCount "103"]
[EventDate "2008.??.??"]

1. g3 Nf6 2. Bg2 g6 3. d4 d6 4. Nf3 Bg7 5. O-O O-O 6. c4 Nc6 7. Nc3 a6 8. d5
Na5 9. Qd3 c5 10. Rb1 b5 11. cxb5 axb5 12. b4 cxb4 13. Rxb4 Nd7 14. Nxb5 Nc5
15. Qc2 Rb8 16. a4 Bf5 17. e4 Bd7 18. Be3 Na6 19. Rbb1 Rc8 20. Qa2 Nc4 21. Bd4
Bxd4 22. Nfxd4 Qa5 23. Na7 Nb4 24. Qa1 Nc2 25. Nxc2 Qxa7 26. Rb4 Ne5 27. Ne3
Nd3 28. Rd4 Nc1 29. Rc4 Nb3 30. Qb2 Rb8 31. Qc3 Nc5 32. e5 Bc8 33. exd6 exd6
34. Rc1 Qe7 35. h4 Ba6 36. Ng4 f6 37. Re1 Qg7 38. Rb4 Rxb4 39. Qxb4 Nd3 40.
Qxd6 Nxe1 41. Qe6+ Kh8 42. Qxe1 Qd7 43. Qb4 Kg7 44. h5 Rd8 45. Qf4 Qf5 46. Qh6+
Kg8 47. hxg6 hxg6 48. Qh4 Kg7 49. Be4 Qg5 50. Qxg5 fxg5 51. Ne3 Bb7 52. Kf1
1/2-1/2

[Event "Hessen 2-Schleswig-Holstein"]
[Site "Dresden"]
[Date "2008.11.18"]
[Round "7.2"]
[White "Aslan, Benjamin"]
[Black "Svane, Rasmus"]
[Result "1-0"]
[WhiteElo "2018"]
[BlackElo "2012"]
[PlyCount "59"]
[EventDate "2008.??.??"]

1. d4 Nf6 2. c4 e6 3. g3 c5 4. Nf3 cxd4 5. Nxd4 Bb4+ 6. Bd2 Bxd2+ 7. Nxd2 Qb6
8. N4b3 Qc6 9. e4 O-O 10. Bg2 d6 11. O-O Qc7 12. Rc1 Nbd7 13. Nb1 Nc5 14. Nc3
Bd7 15. Nd4 Rfd8 16. Qe2 Rac8 17. Rfd1 b6 18. Ncb5 Qb8 19. Rd2 a6 20. Nxd6 Qxd6
21. e5 Qe7 22. exf6 Qxf6 23. Rcd1 e5 24. Nb3 Nxb3 25. axb3 Qe7 26. Qd3 g6 27.
Qd6 Kf8 28. Qxb6 Ke8 29. Bb7 Rb8 30. Qc7 1-0

[Event "Hessen 2-Schleswig-Holstein"]
[Site "Dresden"]
[Date "2008.11.18"]
[Round "7.3"]
[White "Marx, Joschka"]
[Black "Jung, Gerhard"]
[Result "0-1"]
[WhiteElo "1931"]
[BlackElo "2006"]
[PlyCount "100"]
[EventDate "2008.??.??"]
[WhiteTeam "Schleswig-Holstein"]
[BlackTeam "Hessen 2"]

1. e4 e5 2. Nf3 Nc6 3. Bb5 a6 4. Ba4 Nf6 5. d3 b5 6. Bb3 Be7 7. O-O O-O 8. c3
d5 9. exd5 Nxd5 10. h3 Bb7 11. Re1 Bf6 12. Bc2 b4 13. Nfd2 bxc3 14. bxc3 Qd7
15. Ne4 Be7 16. Be3 Nxe3 17. Rxe3 f5 18. Ned2 Bf6 19. Nf3 Rae8 20. Qe1 Ne7 21.
Nxe5 Bxe5 22. Rxe5 Ng6 23. Rxe8 Rxe8 24. Qd1 Nf4 25. Ba4 Bc6 26. Bxc6 Qxc6 27.
Qf3 Qxf3 28. gxf3 Re1+ 29. Kh2 Ne2 30. c4 Nd4 31. a4 Nb3 32. Ra2 Rxb1 33. Re2
Rd1 34. Re7 Rxd3 35. Rxc7 Nd4 36. Ra7 Nxf3+ 37. Kg2 Ne5 38. Rxa6 Nxc4 39. Rc6
Rd4 40. Rc5 Nd6 41. a5 Ra4 42. Rc6 Ne8 43. a6 Kf7 44. Rb6 Ke7 45. Rb7+ Kd6 46.
a7 Nc7 47. Rb6+ Kc5 48. Rb8 Rxa7 49. Rf8 g6 50. Rf7 Nb5 0-1

[Event "Hessen 2-Schleswig-Holstein"]
[Site "Dresden"]
[Date "2008.11.18"]
[Round "7.4"]
[White "Donchenko, Alexander"]
[Black "Powierski, Emil"]
[Result "1/2-1/2"]
[WhiteElo "1880"]
[BlackElo "1654"]
[PlyCount "50"]
[EventDate "2008.??.??"]
[WhiteTeam "Hessen 2"]
[BlackTeam "Schleswig-Holstein"]

1. d4 Nf6 2. Nf3 e6 3. c4 b6 4. g3 Ba6 5. b3 Bb4+ 6. Bd2 Be7 7. Bg2 c6 8. O-O
O-O 9. Bf4 d5 10. Nbd2 Nbd7 11. Ne5 Rc8 12. e4 Nxe5 13. Bxe5 Nd7 14. Bf4 Bg5
15. Bd6 Be7 16. Bxe7 Qxe7 17. Re1 Qd6 18. f4 Rfd8 19. Rc1 Nf8 20. e5 Qb4 21. a3
Qe7 22. Bf1 Bb7 23. b4 c5 24. dxc5 bxc5 25. Qa4 cxb4 1/2-1/2

[Event "Hessen 2-Schleswig-Holstein"]
[Site "Dresden"]
[Date "2008.11.18"]
[Round "7.6"]
[White "Schmalhorst, Sophia"]
[Black "Marx, Inga"]
[Result "0-1"]
[WhiteElo "1608"]
[BlackElo "1595"]
[PlyCount "103"]
[EventDate "2008.??.??"]

1. e4 d5 2. exd5 Qxd5 3. Nc3 Qa5 4. d4 Nf6 5. Bc4 Bf5 6. Bd2 c6 7. Qe2 e6 8.
O-O-O Bb4 9. f3 Nbd7 10. g4 Bg6 11. Nh3 O-O 12. Nf4 Rfe8 13. h4 b5 14. Bb3 Bxc3
15. Bxc3 Qc7 16. Bd2 a5 17. a3 h5 18. Nxg6 fxg6 19. gxh5 gxh5 20. Rhg1 Kh8 21.
Qg2 Nf8 22. Rde1 a4 23. Ba2 Rad8 24. c3 Qf7 25. Bg5 Rd7 26. Re5 Nd5 27. Bb1 Nf4
28. Qg3 N8g6 29. Re4 Rf8 30. Bxf4 Nxf4 31. Re5 Rd5 32. Ree1 Qf6 33. Be4 Rd6 34.
Qg5 Qxg5 35. Rxg5 Rf6 36. Kd2 g6 37. Rg3 e5 38. Ke3 exd4+ 39. cxd4 Nd5+ 40. Kd3
Ne7 41. Rg5 Kg7 42. Reg1 Kf7 43. Ke3 Rde6 44. Kd3 Rf4 45. Rh1 Kf6 46. Ke3 Rxh4
47. Rhg1 Kf7 48. R1g2 Nd5+ 49. Kf2 Nf4 50. R2g3 Rh2+ 51. Ke3 Rf6 52. Rc5 0-1

[Event "Hessen 2-Schleswig-Holstein"]
[Site "Dresden"]
[Date "2008.11.18"]
[Round "7.7"]
[White "Polert, Annika"]
[Black "Zuyev, Lisa"]
[Result "1-0"]
[WhiteElo "1506"]
[BlackElo "1527"]
[PlyCount "69"]
[EventDate "2008.??.??"]

1. d4 Nf6 2. c4 e6 3. Nc3 Bb4 4. Qc2 b6 5. Bg5 O-O 6. e4 h6 7. Bh4 Be7 8. Bd3
Bb7 9. Nge2 Nh5 10. Bxe7 Qxe7 11. g4 Nf6 12. Rg1 Nc6 13. a3 d5 14. e5 Ne8 15.
O-O-O dxc4 16. Bxc4 Qh4 17. f4 Rd8 18. Qd2 Na5 19. Ba2 c5 20. Qe3 c4 21. g5 Nc7
22. gxh6 Qxh6 23. Rg3 Nb3+ 24. Bxb3 cxb3 25. Rdg1 Qh7 26. Rxg7+ Qxg7 27. Rxg7+
Kxg7 28. Qg3+ Kh7 29. Qh4+ Kg7 30. Ng3 Bf3 31. f5 f6 32. exf6+ Kf7 33. Qh7+
Kxf6 34. fxe6 Nxe6 35. Nce4+ 1-0

[Event "Hessen 2-Schleswig-Holstein"]
[Site "Dresden"]
[Date "2008.11.18"]
[Round "7.8"]
[White "Sancar, Alina"]
[Black "Borukhson, David"]
[Result "1-0"]
[WhiteElo "1503"]
[BlackElo "1202"]
[PlyCount "105"]
[EventDate "2008.??.??"]

1. d4 d5 2. c4 c6 3. e3 Nf6 4. Nc3 e6 5. Nf3 Nbd7 6. a3 Be7 7. Be2 O-O 8. c5
Qc7 9. Bd2 e5 10. dxe5 Nxe5 11. b4 Bf5 12. O-O Rad8 13. h3 Rfe8 14. Nd4 Bg6 15.
Qa4 Rc8 16. Rac1 a6 17. Qb3 Qd7 18. Na4 Ne4 19. Bc3 Qc7 20. Nb6 Rcd8 21. Nf3
Nxf3+ 22. Bxf3 Nxc3 23. Qxc3 Bf6 24. Qb3 d4 25. exd4 Bxd4 26. Rfe1 Rxe1+ 27.
Rxe1 Qg3 28. Qa2 Kf8 29. Qe2 Qc7 30. Bg4 f5 31. Bf3 Re8 32. Qd2 Rxe1+ 33. Qxe1
Be8 34. Nc4 Qf4 35. Nd6 Qe5 36. Qb1 g6 37. Nxb7 Qb8 38. Nd6 Bxc5 39. Nxe8 Kxe8
40. Qe1+ Be7 41. Bxc6+ Kf7 42. Bd5+ Ke8 43. Qe6 Qd6 44. Qc8+ Bd8 45. Bc6+ Ke7
46. Qxa6 Bc7 47. Qe2+ Kf7 48. Qe8+ Kg7 49. Qd7+ Kh6 50. Qxd6 Bxd6 51. Kf1 Kg7
52. Ke2 Kf6 53. Kd3 1-0